| 000 | 00662nam a2200193Ia 4500 | ||
|---|---|---|---|
| 008 | 090124s9999 xx 000 0 und d | ||
| 020 | _a81-7434-311-3 | ||
| 082 | _b43080 | ||
| 100 | _aबिनीवाले अविनाश | ||
| 245 | _aBOLU KAWATIKEN बोलु कवतिकें | ||
| 250 | _a1 | ||
| 260 |
_bराजहंस प्रकाशन _c2005 |
||
| 300 | _a85 | ||
| 600 | _aबिनीवाले अविनाश | ||
| 630 | _aBOLU KAWATIKEN बोलु कवतिकें | ||
| 700 | _aबिनीवाले अविनाश | ||
| 730 | _aBOLU KAWATIKEN बोलु कवतिकें | ||
| 942 | _cBOOK | ||
| 999 |
_c109361 _d109361 |
||